| 000 | 01116cam a2200229 4500 | ||
|---|---|---|---|
| 001 | ABS64546 | ||
| 008 | 010924n2001 000 0 eng u | ||
| 035 | _a(Sirsi) u114798 | ||
| 100 | _aChapman, T | ||
| 245 | _aAffordable housing options | ||
| 260 | _c2001 | ||
| 490 |
_aPlanning (for the Natural and Built Environment) _v(1436) 14 September 2001, 17(1) |
||
| 520 | _aRecent research, commissioned by the Greater London Authority, suggests the principle of "additionality" could help ease the capital's need for affordable housing. The research was conducted by Three Dragons consultancy and Nottingham Trent University's centre for residential development. Discusses additionality - a planning approach whereby private developers provide a proportion of social rented homes and receive a sum, based on the affordable rent, from the registered social landlord - and how far it is likely to help. | ||
| 590 | _aABS | ||
| 650 | _aADDITIONALITY | ||
| 650 | _aRESEARCH | ||
| 650 | _aPUBLIC SUBSIDY | ||
| 650 | _aLONDON | ||
| 650 | _aPLANNING POLICY | ||
| 690 |
_aAffordable housing _96215 |
||
| 942 | _n0 | ||
| 999 |
_c68343 _d68343 |
||